| 000 | 00350nam a2200121 a 4500 | ||
|---|---|---|---|
| 005 | 20140414132016.0 | ||
| 008 | 110314s19uu xx 00 eng d | ||
| 050 |
_aTR _bB48 2007 |
||
| 100 | _aHelakoski, Leslie | ||
| 245 |
_aBig chickens / _cLeslie Helakoski; illustrated by Henry Cole. |
||
| 260 |
_aNew York : _bScholastic , _c2007. |
||
| 999 |
_c113361 _d113361 |
||